Wujūh min al-māḍī = Faces from the past = Gesichter der Vergangenheit.

محفوظ في:

مؤلف مشترك: Majlis al-Aʻlá lil-Āthār (Egypt).

التنسيق: كتاب

اللغة: Arabic

منشور في: [Cairo] : al-Majlis al-Aʻlá lil-Āthār, 2009.

الموضوعات:

الوسوم: إضافة وسم

لا توجد وسوم, كن أول من يضع وسما على هذه التسجيلة!

رقم الطلب: ND1327 .E3 W85

LEADER 00938nam a22002777a 4500
003 OSt
005 20250901091344.0
008 250218s2009 ua a 000 0 ara d
020 |a 9774379829 
040 |c ARCE Library 
050 1 4 |a ND1327 .E3   |b W85  
245 1 0 |a Wujūh min al-māḍī =   |b Faces from the past = Gesichter der Vergangenheit. 
246 1 1 |a Faces from the past. 
246 1 1 |a Gesichter der Vergangenheit. 
264 1 |a [Cairo] :   |b al-Majlis al-Aʻlá lil-Āthār,   |c 2009. 
300 |a  72 p. :   |b col. ill. ;   |c 28 cm. 
336 |2 rdacontent  |a text  |b txt 
337 |2 rdamedia  |a unmediated  |b n 
338 |2 rdacarrier  |a volume  |b n 
650 0 |a Mummy portraits -- Egypt -- Catalogs. 
650 0 |a Portraits, Ancient -- Egypt -- Catalogs. 
650 0 |a Ptolemaic dynasty, 305 B.C.-30 B.C. -- Art -- Catalogs. 
710 2 |a Majlis al-Aʻlá lil-Āthār (Egypt). 
901 |a reviewed 
942 |2 lcc  |c BK 
999 |c 49452  |d 49452